000 00386nam a2200157Ia 4500
008 221030s9999 xx 000 0 und d
020 _a8178080265
041 _aEnglish
082 _a105.23
_bTay
100 _aS. Taylor
245 0 _aGartside`s Model Business Letters & Other Business Documents
_cby S. Taylor
260 _c2000
300 _a388
650 _aEnglish
942 _cBK
999 _c7496
_d7496